Ane's Encyclopedic Dictionary of Library and Information Science. Volume 2, G to N / (Record no. 2647)
[ view plain ]
| 000 -LEADER | |
|---|---|
| fixed length control field | 00931nac a22002171u 4500 |
| 008 - FIXED-LENGTH DATA ELEMENTS--GENERAL INFORMATION | |
| fixed length control field | 100920t xxu||||| |||| 00| 0 eng d |
| 020 ## - INTERNATIONAL STANDARD BOOK NUMBER | |
| International Standard Book Number | 8180520137 (volume 2) |
| 020 ## - INTERNATIONAL STANDARD BOOK NUMBER | |
| International Standard Book Number | 8180520153 (3 volume set) |
| 082 ## - DEWEY DECIMAL CLASSIFICATION NUMBER | |
| Classification number | 020.3 |
| 100 ## - MAIN ENTRY--PERSONAL NAME | |
| Personal name | 20080729 |
| 9 (RLIN) | 19557 |
| 245 ## - TITLE STATEMENT | |
| Title | Ane's Encyclopedic Dictionary of Library and Information Science. Volume 2, G to N / |
| Statement of responsibility, etc | Amjad Ali |
| 260 ## - PUBLICATION, DISTRIBUTION, ETC. (IMPRINT) | |
| Place of publication, distribution, etc | New Delhi : |
| Name of publisher, distributor, etc | Ane Books India , |
| Date of publication, distribution, etc | 2006 |
| 300 ## - PHYSICAL DESCRIPTION | |
| Extent | 1v. (320 p.) ; |
| Dimensions | 28 cm. |
| 650 ## - SUBJECT ADDED ENTRY--TOPICAL TERM | |
| Topical term or geographic name as entry element | Library science |
| Form subdivision | Encyclopedias |
| 9 (RLIN) | 19558 |
| 650 ## - SUBJECT ADDED ENTRY--TOPICAL TERM | |
| Topical term or geographic name as entry element | Information science |
| Form subdivision | Encyclopedias |
| 9 (RLIN) | 19559 |
| 650 ## - SUBJECT ADDED ENTRY--TOPICAL TERM | |
| Topical term or geographic name as entry element | Library science |
| Form subdivision | Dictionaries |
| 9 (RLIN) | 19560 |
| 650 ## - SUBJECT ADDED ENTRY--TOPICAL TERM | |
| Topical term or geographic name as entry element | Information science |
| Form subdivision | Dictionaries |
| 9 (RLIN) | 19561 |
| 700 ## - ADDED ENTRY--PERSONAL NAME | |
| Personal name | Ali, Amjad |
| 9 (RLIN) | 19562 |
| 942 ## - ADDED ENTRY ELEMENTS (KOHA) | |
| Item type | Reference (NB) |
| Call number prefix | 020.3 |
| Source of classification or shelving scheme | Dewey Decimal Classification |
| Withdrawn status | Item status | Source of classification or shelving scheme | Damaged status | Not for loan | Vendor | Home library | Current library | Shelving location | Date acquired | Source of acquisition | Total Checkouts | Full call number | Barcode | Date last seen | Koha item type |
|---|---|---|---|---|---|---|---|---|---|---|---|---|---|---|---|
| Dewey Decimal Classification | Central Library | Central Library | Ground Floor | 12/04/2007 | 020.3 ANE | 000001770 | 15/07/2025 | Reference (NB) |